History Quiz

Random History or Country Quiz
Score 0/18 Timer 04:00
0 Plays Today
Number of Fatalities (approx.) Country % Correct
6,630,000 to 8,680,000Germany
100%
418,500United States
99.1%
2,620,000 to 3,120,000Japan
98.1%
457,000Italy
98.1%
10,000,000 to 20,000,000China
97.2%
567,600France
97.2%
21,500,000 to 25,300,000Soviet Union
96.3%
450,900United Kingdom
95.4%
5,620,000 to 5,820,000Poland
91.7%
Number of Fatalities (approx.) Country % Correct
1,587,000 to 2,587,000India (British)
76.9%
580,000Hungary
74.1%
800,000Romania
68.5%
320,000 to 805,100Greece
66.7%
1,027,000Yugoslavia
65.7%
557,000 to 1,057,000Philippines
55.6%
378,000 to 483,000Korea
54.6%
3,000,000 to 4,000,000Dutch East Indies
53.7%
1,000,000 to 1,500,000French Indochina
50%

You're not logged in!

Compare scores with friends on all Sporcle quizzes.
OR
Log In

Sporcle TV

Today on Sporcle TV


Watch our educational content, quiz creation guides, and fun videos on Sporcle TV.

Show Comments

Extras

Top Quizzes Today


Score Distribution

Paid Content

Your Account Isn't Verified!

In order to create a playlist on Sporcle, you need to verify the email address you used during registration. Go to your Sporcle Settings to finish the process.

Report this User

Report this user for behavior that violates our Community Guidelines.

Details: